00677nam a2200241 a 4500001001300000003000900013005001700022008004100039020001000080082001800090100002300108245002000131260003600151300000900187500003500196505001300231650002000244700002300264902000800287942000700295952011800302999001500420nice12345678IN_TiNIC20260116011929.0050524s1938 hyda grp 000 0 urd  ac10000a891.4393bKHA aKhan, Ataur Rahman aKashana-I-Nadir aHyderabadbA. Razzaq Sonsc1938 a248p aincludes index and biblioraphy2 aappendix aUrdu-Literature1 aKhan, Ataur Rahman bSRS cBK 001040708StackRoom-aHMIbHMId2007-05-31g100.00l0o891.4393 KHAp09527r2007-05-31v100.00w2005-05-24yBK c4942d4942